Účtovníctvo vlastníckych transakcií zbierka príkladov

Na minha lista:
Detalhes bibliográficos
Autor principal: Ondrušová, Lucia, 1981-
Autor Corporativo: Ekonomická univerzita v Bratislave. Fakulta hospodárskej informatiky
Outros Autores: Máziková, Katarína, Farkaš, Richard
Formato: Livro
Idioma:eslovaco
Publicado em: Bratislava Vydavateľstvo EKONÓM 2011
Edição:1. vyd.
Assuntos:
Tags: Adicionar Tag
Sem tags, seja o primeiro a adicionar uma tag!

MARC

LEADER 00000nam a2200000 4500
001 0144088
005 20240502072600.7
020 |a 978-80-225-3282-2 
041 0 |a slo 
044 |a SK 
245 1 0 |a Účtovníctvo vlastníckych transakcií  |b zbierka príkladov  |c Lucia Ondrušová 
250 |a 1. vyd. 
264 1 |a Bratislava  |b Vydavateľstvo EKONÓM  |c 2011 
300 |a 120 s. [3,127 AH] 
610 2 0 |a účtovníctvo 
610 2 0 |a spoločnosti obchodné 
610 2 0 |a súvaha 
610 2 0 |a spoločnosti v.o.s. 
610 2 0 |a spoločnosti s r.o. 
610 2 0 |a spoločnosti komanditné 
610 2 0 |a spoločnosti akciové 
100 1 |a Ondrušová, Lucia, 1981- 
700 1 |a Máziková, Katarína 
700 1 |a Farkaš, Richard 
710 2 |a Ekonomická univerzita v Bratislave. Fakulta hospodárskej informatiky